00821nam a2200313Ia 4500008004100000020001800041050001800059100001800077245002300095245007600118250001900194260002200213260001500235260000900250300001500259300002000274300001000294440001400304440000600318650002300324650001200347650003800359650002000397650003000417700002000447700001700467700001200484700001100496181129s9999 xx 000 0 und d a9780061240201 bH945 2007 bk1 aHunter, Erin. 4aThe lost warrior / 0ccreated by Erin Hunter ; Written by Dan Jolley ; art by James L. Barry. aFirst edition. aLos Angeles, CA : bTokyopop,  c2007 a94 pages : billustrations ; c18cm. aWarriors, v1 aAdventure stories. aCats -- aFantasy comic books, strips, etc. aGraphic novels. xComic books, strips, etc. aBarry, James L. aJolley, Dan. aSeries. aTitle.